| 000 | 00548nam a2200157Ia 4500 | ||
|---|---|---|---|
| 005 | 20250515152049.0 | ||
| 008 | 231217s9999 xx 000 0 und d | ||
| 020 | _a9780749447687 | ||
| 082 | _a658.04 THE;1 R | ||
| 100 | _aTheobald, Theo. Cooper, Cary. | ||
| 245 | 0 | _aBusiness and the beautiful game : how you can apply the skills and passion of football to be a winner in business | |
| 260 |
_c2006 _bKogan Page _aLondan |
||
| 300 | _avi, 152 | ||
| 650 | _aBusiness,beautiful,game,can,apply,passion,football,be,winner,business | ||
| 942 | _cAA | ||
| 999 |
_c190613 _d190613 |
||